000 00440nam a2200181Ia 4500
001 19206
005 20260306171727.0
008 260306s9999||||xx |||||||||||||| ||und||
041 _aESP
082 _a658.8001
_bP86
100 _aPride, William M.
_eAUT
245 0 _aMarketing:
_bconceptos y estrategias
260 _c1997
300 _axxvii, 872 páginas :
_c27 cm.
650 _aGEN
654 _aCAN
942 _cLIB
_dJUS
_fJUS
_2ddc
_n
999 _c19206
_d19206